Index, comprising an index of proper names and subjects and an index of Qurʼānic citations and allusions /

محفوظ في:

المؤلف الرئيسي: Popovkin, Alex V.

مؤلفون آخرون: Rowson, Everett K.

التنسيق: كتاب

اللغة: English

منشور في: Albany : State University of New York Press, c2007.

سلاسل: SUNY series in Near Eastern studies.
Bibliotheca Persica (Albany, N.Y.).

الموضوعات:

الوسوم: إضافة وسم

لا توجد وسوم, كن أول من يضع وسما على هذه التسجيلة!

رقم الطلب: DS38.2 .T313 v.40

LEADER 01152namaa2200265 4500
003 OSt
005 20201001113306.0
008 070222s2007 nyu g i 001 0 eng d
952 |0 0  |1 0  |2 lcc  |3 V.40  |4 0  |6 DS00382 T313 V.00040  |7 1  |9 6438  |a ARCE  |b ARCE  |d 2020-10-01  |l 0  |o DS38.2 .T313 v.40  |p 1014509  |r 2020-10-01 00:00:00  |w 2020-10-01  |y BK 
999 |c 31159  |d 31159 
020 |a 9780791472514 (hardcover : alk. paper) 
020 |a 9780791472521 (pbk. : alk. paper) 
040 |c ARCE Library 
050 0 4 |a DS38.2 .T313 v.40 
100 1 |a Popovkin, Alex V. 
245 1 4 |a Index,   |b comprising an index of proper names and subjects and an index of Qurʼānic citations and allusions /   |c prepared by Alex V. Popovkin under the supervision of Everett K. Rowson. 
260 |a Albany :  |b State University of New York Press,  |c c2007. 
300 |a xx, 674 pages ;  |c 23 cm. 
490 0 |a SUNY series in Near Eastern studies. 
490 0 |a Bibliotheca Persica (Albany, N.Y.). 
600 0 0 |a Ṭabarī,  |d 838?-923.  |t Tārīkh al-rusul wa-al-mulūk.  |l English  |v Indexes. 
600 0 0 |a Ṭabarī,  |d 838?-923  |v Indexes. 
700 1 |a Rowson, Everett K. 
901 |a reviewed 
942 |2 lcc  |c BK